| 000 | 00615 a2200205 4500 | ||
|---|---|---|---|
| 005 | 20260220105025.0 | ||
| 008 | 260220b |||||||| |||| 00| 0 eng d | ||
| 020 |
_a9789388334310 _cRs. 250.00 |
||
| 040 | _aMAIN | ||
| 082 |
_a342.0662 _bD15T |
||
| 100 | _aDalal, A S | ||
| 245 | _aTextbook on right to information law | ||
| 260 |
_bThe Bright Law House _c2021 _aNew Delhi |
||
| 300 | _axii, 286 | ||
| 500 | _aBased on syllabus of 3 years and 5 years L.L.B | ||
| 650 | _aFreedom of information- Law | ||
| 650 | _aGovernment Accountability- Law | ||
| 650 | _aAdministration Transparency- Law | ||
| 942 | _cBK | ||
| 999 |
_c396137 _d396137 |
||